000 00320nam a2200121Ia 4500
005 20251222143209.0
008 251222s9999||||xx |||||||||||||| ||spa||
082 _a158.72/L762
100 _aLlosa Rojas, Teobaldo
245 0 _aGuía del Estrés Ejecutivo en el Mundo Empresarial Moderno
264 _bDesa
942 _cLIB
999 _c13383
_d13383